Tiếp cận thị trường các sản phẩm thuỷ sản : Hướng dẫn dành cho cán bộ khuyến ngư : Edinburgh tháng 11 năm 1997 : Tài liệu dịch trong khuôn khổ sự án MTF/VIE/025/MSC

Cung cấp những khái niệm cơ bản trong tiếp cận thị trường, định nghĩa trong hệ thống thuật ngữ tiếp cận thị trường và những ví dụ thực tế về những loại kỹ năng cần có trong tiếp thị thị trường thuỷ sản....

Descrizione completa

Salvato in:
Dettagli Bibliografici
Autore principale: Consultants, Nautilus
Natura: Libro
Lingua:Undetermined
Pubblicazione: 1997
Soggetti:
Tags: Aggiungi Tag
Nessun Tag, puoi essere il primo ad aggiungerne! !
Thư viện lưu trữ: Trung tâm Học liệu Trường Đại học Cần Thơ
LEADER 01003nam a2200181Ia 4500
001 CTU_160342
008 210402s9999 xx 000 0 und d
082 |a 639 
082 |b C755 
100 |a Consultants, Nautilus 
245 0 |a Tiếp cận thị trường các sản phẩm thuỷ sản : 
245 0 |b Hướng dẫn dành cho cán bộ khuyến ngư : Edinburgh tháng 11 năm 1997 : Tài liệu dịch trong khuôn khổ sự án MTF/VIE/025/MSC 
245 0 |c Nautilus Consultants 
260 |c 1997 
520 |a Cung cấp những khái niệm cơ bản trong tiếp cận thị trường, định nghĩa trong hệ thống thuật ngữ tiếp cận thị trường và những ví dụ thực tế về những loại kỹ năng cần có trong tiếp thị thị trường thuỷ sản. 
650 |a Seafood,Markets 
904 |i Bạch Trúc 
980 |a Trung tâm Học liệu Trường Đại học Cần Thơ